00489nam a2200157 a 45000010005000000030009000050080041000140400028000550820015000831000033000982450071001312600051002023000010002536500049002636500019003126840CO-ViMGA141112s2004 ck r 000 u spa d aCO-ViMGAbspacCO-ViMGA04aCo863 J1711 aJaramillo - Zuluaga, Eduardo10aEl deseo y el decoro : bpuntos de herejia en la novela Colombiana aSantafé de Bogotá : bTercer mundo, c1994 a213 p14aNOVELA COLOMBIANA - CRITICA E INTERPRETACION14aNOVELA EROTICA